| 000 | 00464nam a2200121Ia 4500 | ||
|---|---|---|---|
| 008 | 220620s9999||||xx |||||||||||||| ||und|| | ||
| 100 | _aClaudia Maria Simonescu | ||
| 245 | 0 | _aDendrimers - Fundamentals and Applications | |
| 546 | _aEnglish[eng] | ||
| 650 | _aPhysical Sciences||Engineering and Technology||Chemistry||Physical Chemistry||Supramolecular Chemistry | ||
| 856 | _uhttps://www.intechopen.com/books/dendrimers-fundamentals-and-applications | ||
| 942 | _cEB | ||
| 999 |
_c30920 _d30920 |
||